000 00396nam a2200145Ia 4500
008 230917s9999||||xx |||||||||||||| ||und||
040 _e21314
_aMAIN
041 _aEnglish
082 _a301.11 I2B:C
100 _aBochner, Stephen, ed.
245 0 _aCultures in contact: studies in cross-cultural interaction
260 _aOxford
_bPergamon Press
_c1982
300 _axiv, 232 p.
942 _cBK
999 _c229159
_d229159